[Event "Montreal Pere Noel U1500"]
[Site "Montreal"]
[Date "2016.12.29"]
[Round "4.37"]
[White "Chira, Dan"]
[Black "Girard Plouffe, Francois"]
[Result "0-1"]
[WhiteElo "1485"]
[BlackElo "1474"]
[PlyCount "66"]
[EventDate "2016.12.26"]
[EventType "swiss"]
[EventRounds "5"]
[EventCountry "CAN"]
[SourceTitle "EXT 2022"]
[Source "ChessBase"]
[SourceDate "2021.10.06"]
[SourceVersion "1"]
[SourceVersionDate "2021.10.06"]
[SourceQuality "1"]

1. d4 d5 2. c4 c6 3. Nc3 e6 4. Qb3 Nf6 5. cxd5 exd5 6. Bg5 h6 7. Bh4 g5 8. Bg3 Bd6 9. Bxd6 Qxd6 10. f3 Qf4 11. Na4 Nbd7 12. e3 Qd6 13. Bd3 0-0 14. 0-0-0 b5 15. Nc3 a5 16. a3 Ba6 17. Nb1 c5 18. dxc5 Nxc5 19. Qa2 Rac8 20. Bc2 b4 21. Nh3 b3 22. Qa1 bxc2 23. Qa2 cxd1Q+ 24. Kxd1 Bc4 25. Qa1 Bb3+ 26. Kd2 d4 27. e4 Ncxe4+ 28. fxe4 Nxe4+ 29. Kd3 Bc2+ 30. Ke2 Qa6+ 31. Ke1 Rfe8 32. Rg1 Nc3+ 33. Kf2 Qe2+ 0-1

[Event "Montreal Pere Noel U1500"]
[Site "Montreal"]
[Date "2016.12.27"]
[Round "2.3"]
[White "Imbeault, Marc"]
[Black "Girard Plouffe, Francois"]
[Result "0-1"]
[WhiteElo "1277"]
[BlackElo "1474"]
[PlyCount "78"]
[EventDate "2016.12.26"]
[EventType "swiss"]
[EventRounds "5"]
[EventCountry "CAN"]
[SourceTitle "EXT 2022"]
[Source "ChessBase"]
[SourceDate "2021.10.06"]
[SourceVersion "1"]
[SourceVersionDate "2021.10.06"]
[SourceQuality "1"]

1. Nf3 g6 2. d3 Bg7 3. g3 Nf6 4. Bg2 0-0 5. 0-0 c6 6. c4 d6 7. Nc3 Nbd7 8. b4 a5 9. b5 cxb5 10. Nxb5 a4 11. Rb1 Nc5 12. Nc3 a3 13. d4 Ne6 14. Ng5 Nxg5 15. Bxg5 Qa5 16. Qb3 Qxg5 17. Bxb7 Bxb7 18. Qxb7 Ng4 19. h4 Qd2 20. Qb3 Qxd4 21. Nb5 Qc5 22. Qf3 Ne5 23. Qb3 Nxc4 24. Rfc1 d5 25. e3 Bb2 26. Rc2 e6 27. Nd4 Rab8 28. Qd3 Rfc8 29. f4 Qe7 30. Kf2 e5 31. Nb3 exf4 32. exf4 Qa7+ 33. Kf3 Re8 34. Re2 Rxe2 35. Qxe2 Qa4 36. Nc5 Qe8 37. Qf2 d4 38. Ne4 Qc6 39. Rd1 f5 0-1